US States by Original Capital City Quiz Stats

Quiz Updated Aug 31, 2012

Challenge
Share
Tweet
Embed
Score 0/26 Timer 05:00
2 Plays Today
Original Capital State % Correct
PhiladelphiaPennsylvania
97.2%
DetroitMichigan
93.9%
Iowa CityIowa
93.8%
New OrleansLouisiana
91%
San JoseCalifornia
88.4%
New HavenConnecticut
86.8%
CharlestonSouth Carolina
85.3%
SavannahGeorgia
82.5%
KnoxvilleTennessee
81.8%
PortlandMaine
73.4%
WilliamsburgVirginia
72.4%
HuntsvilleAlabama
63%
NewportRhode Island
52.3%
Original Capital State % Correct
WheelingWest Virginia
43.8%
ExeterNew Hampshire
37.3%
NatchezMississippi
33.4%
Perth Amboy & BurlingtonNew Jersey
27.2%
WindsorVermont
25.4%
New CastleDelaware
23.4%
ChillicotheOhio
20.1%
Saint CharlesMissouri
17.4%
KaskaskiaIllinois
17%
New BernNorth Carolina
16.6%
KingstonNew York
15.7%
GuthrieOklahoma
14.2%
CorydonIndiana
10.9%

You're not logged in!

Compare scores with friends on all Sporcle quizzes.
Sign Up with Email
OR
Log In

You Might Also Like...

Show Comments

Extras

Top Quizzes Today


Score Distribution

Your Account Isn't Verified!

In order to create a playlist on Sporcle, you need to verify the email address you used during registration. Go to your Sporcle Settings to finish the process.